| 000 | 00797nam a22002057a 4500 | ||
|---|---|---|---|
| 003 | JO-AjAnu | ||
| 005 | 20251012131813.0 | ||
| 008 | 251012b jo ||||| |||| 00| 0 ara d | ||
| 020 | _a9787-9773-08-992-4 | ||
| 022 | _a9642-2025 | ||
| 040 |
_aanu _cJO-AjAnu |
||
| 041 | _hara | ||
| 100 |
_aالكاملي، علياء عبدالصبور سلمان حسين _eمؤلف _966748 |
||
| 245 |
_aالتأهيل الحركي للمفصل المزدوج _c/ علياء عبدالصبور سلمان حسين الكاملي |
||
| 260 |
_aمصر دسوق : _bدار العلم والإيمان، _c 2026 |
||
| 300 | _a184 صفحة | ||
| 500 | _aيحتوي هذا الكتاب على جداول توضيحية | ||
| 650 | _vاللياقة البدنية-الصحة الشخصية | ||
| 942 |
_2lcc _cBK _n0 |
||
| 999 |
_c34041 _d34041 |
||